[Event "DEM U14w 2024"]
[Site "Willingen GER"]
[Date "2024.05.22"]
[Round "6"]
[White "Richter, Johanna"]
[Black "Trunz, Tamila"]
[Result "1/2-1/2"]
[Termination "normal"]
[Board "1"]
[WhiteElo "1741"]
[BlackElo "1988"]
[WhiteClock "00:19:57"]
[BlackClock "00:25:21"]
[PlyCount "88"]
[WhiteFideId "16278925"]
[BlackFideId "16267885"]
[EventCountry "GER"]
[EventRounds "9"]
[EventType "swiss"]
[EventDate "2024.05.18"]

1. d4 {[%clk 01:30:59]} Nf6 {[%clk 01:30:47]} {[%emt 00:00:13]} 2. Nf3 {[%clk
01:31:13]} {[%emt 00:00:16]} b6 {[%clk 01:30:53]} {[%emt 00:00:25]} 3. g3
{[%clk 01:31:31]} {[%emt 00:00:12]} c6 {[%clk 01:30:15]} {[%emt 00:01:08]} 4.
Bg2 {[%clk 01:31:39]} {[%emt 00:00:22]} d5 {[%clk 01:25:37]} {[%emt 00:05:07]}
5. O-O {[%clk 01:30:02]} {[%emt 00:02:07]} e6 {[%clk 01:23:09]} {[%emt
00:02:58]} 6. c4 {[%clk 01:18:51]} {[%emt 00:11:42]} Be7 {[%clk 01:17:45]}
{[%emt 00:05:54]} 7. Nc3 {[%clk 01:16:45]} {[%emt 00:02:36]} O-O {[%clk
01:16:15]} {[%emt 00:02:00]} 8. Bg5 {[%clk 01:09:27]} {[%emt 00:07:48]} Nbd7
{[%clk 01:13:24]} {[%emt 00:03:21]} 9. cxd5 {[%clk 01:06:29]} {[%emt 00:03:27]}
cxd5 {[%clk 01:13:17]} {[%emt 00:00:37]} 10. Rc1 {[%clk 01:05:11]} {[%emt
00:01:46]} Bb7 {[%clk 01:11:32]} {[%emt 00:02:17]} 11. Qd3 {[%clk 01:03:49]}
{[%emt 00:01:51]} Rc8 {[%clk 01:08:49]} {[%emt 00:03:13]} 12. Rc2 {[%clk
01:02:03]} {[%emt 00:02:17]} h6 {[%clk 01:05:09]} {[%emt 00:04:10]} 13. Bxf6
{[%clk 00:59:56]} {[%emt 00:02:35]} Nxf6 {[%clk 01:04:17]} {[%emt 00:01:24]}
14. Rfc1 {[%clk 00:59:31]} {[%emt 00:00:55]} a6 {[%clk 01:02:34]} {[%emt
00:02:13]} 15. Na4 {[%clk 00:55:19]} {[%emt 00:04:41]} Qd6 {[%clk 00:56:34]}
{[%emt 00:06:31]} 16. Qb3 {[%clk 00:47:44]} {[%emt 00:08:05]} Rxc2 {[%clk
00:56:17]} {[%emt 00:00:47]} 17. Rxc2 {[%clk 00:47:24]} {[%emt 00:00:51]} Nd7
{[%clk 00:47:37]} {[%emt 00:09:10]} 18. e3 {[%clk 00:42:13]} {[%emt 00:05:41]}
Bc6 {[%clk 00:42:42]} {[%emt 00:05:26]} 19. Bf1 {[%clk 00:40:01]} {[%emt
00:02:41]} Bxa4 {[%clk 00:38:27]} {[%emt 00:04:45]} 20. Qxa4 {[%clk 00:40:20]}
{[%emt 00:00:11]} b5 {[%clk 00:38:27]} {[%emt 00:00:30]} 21. Qb3 {[%clk
00:39:30]} {[%emt 00:01:17]} Nb6 {[%clk 00:34:22]} {[%emt 00:04:39]} 22. Qd3
{[%clk 00:35:18]} {[%emt 00:04:41]} Nc4 {[%clk 00:28:48]} {[%emt 00:06:04]} 23.
Nd2 {[%clk 00:31:50]} {[%emt 00:03:57]} e5 {[%clk 00:27:39]} {[%emt 00:01:40]}
24. Nb3 {[%clk 00:27:43]} {[%emt 00:07:47]} e4 {[%clk 00:26:45]} {[%emt
00:00:08]} 25. Qd1 {[%clk 00:27:52]} {[%emt 00:00:02]} Bg5 {[%clk 00:24:26]}
{[%emt 00:01:14]} 26. Qc1 {[%clk 00:22:29]} {[%emt 00:05:49]} h5 {[%clk
00:20:00]} {[%emt 00:05:01]} 27. Nc5 {[%clk 00:16:11]} {[%emt 00:06:48]} h4
{[%clk 00:18:26]} {[%emt 00:02:04]} 28. Qe1 {[%clk 00:13:35]} {[%emt 00:03:05]}
Qh6 {[%clk 00:16:31]} {[%emt 00:02:26]} 29. Re2 {[%clk 00:10:58]} {[%emt
00:03:07]} Kh7 {[%clk 00:15:33]} {[%emt 00:01:28]} 30. Bg2 {[%clk 00:10:03]}
{[%emt 00:01:26]} hxg3 {[%clk 00:15:26]} {[%emt 00:00:37]} 31. hxg3 {[%clk
00:10:23]} {[%emt 00:00:09]} Rh8 {[%clk 00:15:15]} {[%emt 00:00:41]} 32. b3
{[%clk 00:07:28]} {[%emt 00:03:26]} Nb6 {[%clk 00:09:38]} {[%emt 00:08:42]} 33.
a3 {[%clk 00:05:45]} {[%emt 00:00:17]} Nc8 {[%clk 00:07:56]} {[%emt 00:01:33]}
34. Qa5 {[%clk 00:05:00]} {[%emt 00:01:15]} Qh5 {[%clk 00:06:47]} {[%emt
00:01:38]} 35. Kf1 {[%clk 00:04:14]} {[%emt 00:01:16]} Nd6 {[%clk 00:06:46]}
{[%emt 00:03:51]} 36. Nxa6 {[%clk 00:01:50]} {[%emt 00:00:12]} Ra8 {[%clk
00:05:42]} {[%emt 00:00:57]} 37. Qb6 {[%clk 00:02:12]} {[%emt 00:00:08]} Nf5
{[%clk 00:06:07]} {[%emt 00:00:04]} 38. Qxb5 {[%clk 00:01:40]} {[%emt
00:01:02]} Bxe3 {[%clk 00:06:03]} {[%emt 00:00:35]} 39. Rxe3 {[%clk 00:01:19]}
{[%emt 00:00:52]} Nxe3+ {[%clk 00:06:03]} {[%emt 00:00:29]} 40. fxe3 {[%clk
00:01:48]} Qd1+ {[%clk 00:06:05]} {[%emt 00:00:28]} 41. Kf2 {[%clk 00:01:20]}
{[%emt 00:00:59]} Qd2+ {[%clk 00:05:12]} {[%emt 00:01:23]} 42. Kf1 {[%clk
00:29:01]} {[%emt 00:02:42]} Qxe3 {[%clk 00:33:09]} {[%emt 00:02:40]} 43. Qxd5
{[%clk 00:22:30]} {[%emt 00:07:00]} Qc1+ {[%clk 00:29:53]} {[%emt 00:03:45]}
44. Ke2 {[%clk 00:19:57]} {[%emt 00:03:03]} Qc2+ {[%clk 00:25:21]} {[%emt
00:04:57]} 1/2-1/2

[Event "DEM U14w 2024"]
[Site "Willingen GER"]
[Date "2024.05.22"]
[Round "6"]
[White "Schwarzfischer, Julia"]
[Black "Kopylov, Diana"]
[Result "1-0"]
[Termination "normal"]
[Board "2"]
[WhiteElo "1767"]
[BlackElo "1887"]
[WhiteClock "00:47:14"]
[BlackClock "00:09:29"]
[PlyCount "73"]
[WhiteFideId "16268105"]
[BlackFideId "16268865"]
[EventCountry "GER"]
[EventRounds "9"]
[EventType "swiss"]
[EventDate "2024.05.18"]

1. e4 {[%clk 01:30:59]} {[%emt 00:00:01]} e6 {[%clk 01:30:54]} {[%emt
00:00:06]} 2. d3 {[%clk 01:31:25]} {[%emt 00:00:05]} d5 {[%clk 01:30:55]}
{[%emt 00:00:28]} 3. Nd2 {[%clk 01:31:51]} {[%emt 00:00:04]} dxe4 {[%clk
01:30:55]} {[%emt 00:00:30]} 4. dxe4 {[%clk 01:32:09]} {[%emt 00:00:13]} Nf6
{[%clk 01:30:31]} {[%emt 00:00:53]} 5. Ngf3 {[%clk 01:31:41]} {[%emt 00:00:58]}
Be7 {[%clk 01:29:50]} {[%emt 00:01:11]} 6. Bd3 {[%clk 01:30:49]} {[%emt
00:01:23]} O-O {[%clk 01:29:06]} {[%emt 00:01:14]} 7. Nf1 {[%clk 01:30:35]}
{[%emt 00:00:44]} Nbd7 {[%clk 01:27:49]} {[%emt 00:01:47]} 8. e5 {[%clk
01:30:15]} {[%emt 00:00:50]} Nd5 {[%clk 01:26:54]} {[%emt 00:01:24]} 9. a3
{[%clk 01:29:40]} {[%emt 00:01:06]} a6 {[%clk 01:22:40]} {[%emt 00:04:44]} 10.
c4 {[%clk 01:29:45]} {[%emt 00:00:25]} N5b6 {[%clk 01:22:48]} {[%emt 00:00:22]}
11. Qc2 {[%clk 01:29:56]} {[%emt 00:00:19]} Kh8 {[%clk 01:18:38]} {[%emt
00:04:34]} 12. Bxh7 {[%clk 01:25:53]} {[%emt 00:04:39]} Nxc4 {[%clk 01:13:46]}
{[%emt 00:05:21]} 13. Qxc4 {[%clk 01:25:56]} {[%emt 00:00:28]} Kxh7 {[%clk
01:14:01]} {[%emt 00:00:15]} 14. Qe4+ {[%clk 01:26:04]} {[%emt 00:00:21]} g6
{[%clk 01:12:35]} {[%emt 00:01:57]} 15. h4 {[%clk 01:24:29]} {[%emt 00:02:06]}
Nc5 {[%clk 01:11:13]} {[%emt 00:01:51]} 16. Ng5+ {[%clk 01:23:38]} {[%emt
00:01:21]} Kg7 {[%clk 01:06:34]} {[%emt 00:05:10]} 17. Qe3 {[%clk 01:20:46]}
{[%emt 00:03:19]} Nd3+ {[%clk 01:03:35]} {[%emt 00:03:31]} 18. Ke2 {[%clk
01:20:59]} {[%emt 00:00:17]} Nxc1+ {[%clk 01:03:30]} {[%emt 00:00:34]} 19. Rxc1
{[%clk 01:21:15]} {[%emt 00:00:15]} Rh8 {[%clk 01:01:46]} {[%emt 00:02:13]} 20.
Nh2 {[%clk 01:16:18]} {[%emt 00:05:28]} Bd7 {[%clk 00:56:18]} {[%emt 00:05:57]}
21. Nhf3 {[%clk 01:02:09]} {[%emt 00:14:40]} Bb5+ {[%clk 00:55:00]} {[%emt
00:01:47]} 22. Ke1 {[%clk 01:02:25]} {[%emt 00:00:14]} Bc6 {[%clk 00:46:37]}
{[%emt 00:08:54]} 23. Qf4 {[%clk 00:59:02]} {[%emt 00:03:53]} Qe8 {[%clk
00:39:17]} {[%emt 00:07:48]} 24. Rc3 {[%clk 00:54:54]} {[%emt 00:04:39]} Rh5
{[%clk 00:35:33]} {[%emt 00:04:14]} 25. Rh3 {[%clk 00:52:21]} {[%emt 00:03:03]}
Rd8 {[%clk 00:30:33]} {[%emt 00:05:30]} 26. g4 {[%clk 00:48:20]} {[%emt
00:04:29]} Bxf3 {[%clk 00:19:10]} {[%emt 00:11:55]} 27. Rcxf3 {[%clk 00:46:59]}
{[%emt 00:01:51]} Bxg5 {[%clk 00:19:06]} {[%emt 00:00:35]} 28. hxg5 {[%clk
00:47:12]} {[%emt 00:00:17]} Qd7 {[%clk 00:14:52]} {[%emt 00:04:43]} 29. Qf6+
{[%clk 00:44:58]} {[%emt 00:05:24]} Kg8 {[%clk 00:14:42]} {[%emt 00:00:06]} 30.
Kf1 {[%clk 00:44:58]} {[%emt 00:00:03]} Rxh3 {[%clk 00:08:35]} {[%emt
00:04:57]} 31. Rxh3 {[%clk 00:45:15]} {[%emt 00:00:13]} Qd1+ {[%clk 00:08:59]}
{[%emt 00:00:06]} 32. Kg2 {[%clk 00:45:39]} {[%emt 00:00:06]} Qxg4+ {[%clk
00:09:18]} {[%emt 00:00:11]} 33. Kh2 {[%clk 00:45:59]} {[%emt 00:00:09]} Qxh3+
{[%clk 00:08:51]} {[%emt 00:00:58]} 34. Kxh3 {[%clk 00:46:24]} {[%emt
00:00:05]} Rd2 {[%clk 00:08:57]} {[%emt 00:00:24]} 35. Kg3 {[%clk 00:46:41]}
{[%emt 00:00:14]} Rxb2 {[%clk 00:09:14]} {[%emt 00:00:13]} 36. Qd8+ {[%clk
00:47:05]} {[%emt 00:00:05]} Kh7 {[%clk 00:09:29]} {[%emt 00:00:12]} 37. Qf8
{[%clk 00:47:14]} {[%emt 00:00:24]} 1-0

[Event "DEM U14w 2024"]
[Site "Willingen GER"]
[Date "2024.05.22"]
[Round "6"]
[White "Neininger, Sarah"]
[Black "Halas, Neele Zoe"]
[Result "1/2-1/2"]
[Termination "normal"]
[Board "3"]
[WhiteElo "1744"]
[BlackElo "1689"]
[WhiteClock "00:34:17"]
[BlackClock "00:21:37"]
[PlyCount "59"]
[WhiteFideId "16287410"]
[BlackFideId "16287282"]
[EventCountry "GER"]
[EventRounds "9"]
[EventType "swiss"]
[EventDate "2024.05.18"]

1. e4 {[%clk 01:30:58]} {[%emt 00:00:01]} e5 {[%clk 01:30:55]} {[%emt
00:00:05]} 2. Nc3 {[%clk 01:31:22]} {[%emt 00:00:06]} Nf6 {[%clk 01:31:21]}
{[%emt 00:00:04]} 3. Bc4 {[%clk 01:31:47]} {[%emt 00:00:06]} Bc5 {[%clk
01:27:17]} {[%emt 00:04:34]} 4. Nf3 {[%clk 01:31:28]} {[%emt 00:00:47]} Nc6
{[%clk 01:26:12]} {[%emt 00:01:36]} 5. O-O {[%clk 01:30:51]} {[%emt 00:01:07]}
O-O {[%clk 01:25:10]} {[%emt 00:01:33]} 6. d3 {[%clk 01:31:04]} {[%emt
00:00:15]} h6 {[%clk 01:23:50]} {[%emt 00:01:51]} 7. a3 {[%clk 01:31:13]}
{[%emt 00:00:22]} a5 {[%clk 01:19:19]} {[%emt 00:05:01]} 8. Ne2 {[%clk
01:28:18]} {[%emt 00:03:22]} d5 {[%clk 01:15:14]} {[%emt 00:04:38]} 9. exd5
{[%clk 01:27:42]} {[%emt 00:01:05]} Nxd5 {[%clk 01:15:37]} {[%emt 00:00:08]}
10. Ng3 {[%clk 01:25:53]} {[%emt 00:02:18]} Nb6 {[%clk 01:08:00]} {[%emt
00:08:08]} 11. Ba2 {[%clk 01:22:22]} {[%emt 00:04:01]} Re8 {[%clk 00:53:02]}
{[%emt 00:15:29]} 12. Ne4 {[%clk 01:18:02]} {[%emt 00:04:48]} Be7 {[%clk
00:53:15]} {[%emt 00:00:17]} 13. h3 {[%clk 01:18:14]} {[%emt 00:00:19]} Nd7
{[%clk 00:48:26]} {[%emt 00:05:20]} 14. Nh2 {[%clk 01:15:12]} {[%emt 00:03:31]}
Nf6 {[%clk 00:46:18]} {[%emt 00:02:38]} 15. Nxf6+ {[%clk 01:05:33]} {[%emt
00:10:09]} Bxf6 {[%clk 00:46:21]} {[%emt 00:00:28]} 16. Qh5 {[%clk 01:05:29]}
{[%emt 00:00:32]} Be6 {[%clk 00:45:26]} {[%emt 00:01:27]} 17. Ng4 {[%clk
01:03:33]} {[%emt 00:02:25]} Bg5 {[%clk 00:43:23]} {[%emt 00:02:34]} 18. Bxe6
{[%clk 00:51:10]} {[%emt 00:12:53]} Rxe6 {[%clk 00:43:44]} {[%emt 00:00:09]}
19. Bxg5 {[%clk 00:50:47]} {[%emt 00:00:52]} Qxg5 {[%clk 00:43:54]} {[%emt
00:00:20]} 20. Qxg5 {[%clk 00:51:10]} {[%emt 00:00:07]} hxg5 {[%clk 00:44:18]}
{[%emt 00:00:06]} 21. Rae1 {[%clk 00:50:08]} {[%emt 00:01:29]} Rae8 {[%clk
00:41:42]} {[%emt 00:03:08]} 22. f3 {[%clk 00:48:40]} {[%emt 00:01:56]} Nd4
{[%clk 00:38:16]} {[%emt 00:03:59]} 23. Rf2 {[%clk 00:46:25]} {[%emt 00:02:44]}
Nf5 {[%clk 00:35:05]} {[%emt 00:03:42]} 24. Rfe2 {[%clk 00:44:28]} {[%emt
00:02:26]} f6 {[%clk 00:34:27]} {[%emt 00:01:08]} 25. c3 {[%clk 00:42:23]}
{[%emt 00:02:34]} Kf7 {[%clk 00:32:31]} {[%emt 00:02:27]} 26. Nf2 {[%clk
00:40:34]} {[%emt 00:02:18]} Ng3 {[%clk 00:30:38]} {[%emt 00:02:23]} 27. Rd2
{[%clk 00:39:59]} {[%emt 00:01:04]} Rd8 {[%clk 00:21:33]} {[%emt 00:09:37]} 28.
Kh2 {[%clk 00:36:01]} {[%emt 00:06:02]} Nf5 {[%clk 00:21:34]} {[%emt 00:00:04]}
29. Ne4 {[%clk 00:35:10]} {[%emt 00:00:12]} b6 {[%clk 00:21:37]} {[%emt
00:00:29]} 30. Red1 {[%clk 00:34:17]} {[%emt 00:01:22]} 1/2-1/2

[Event "DEM U14w 2024"]
[Site "Willingen GER"]
[Date "2024.05.22"]
[Round "6"]
[White "Wagner, Cosima Thien-An"]
[Black "Bauer, Laura Sophie"]
[Result "1/2-1/2"]
[Termination "normal"]
[Board "4"]
[WhiteElo "1773"]
[BlackElo "1874"]
[WhiteClock "00:11:16"]
[BlackClock "00:32:58"]
[PlyCount "67"]
[WhiteFideId "34603484"]
[BlackFideId "16253647"]
[EventCountry "GER"]
[EventRounds "9"]
[EventType "swiss"]
[EventDate "2024.05.18"]

1. c4 {[%clk 01:30:58]} {[%emt 00:00:02]} e6 {[%clk 01:30:54]} {[%emt
00:00:07]} 2. g3 {[%clk 01:31:11]} {[%emt 00:00:18]} d5 {[%clk 01:31:06]}
{[%emt 00:00:16]} 3. Bg2 {[%clk 01:30:52]} {[%emt 00:00:48]} Nf6 {[%clk
01:28:09]} {[%emt 00:03:27]} 4. Nf3 {[%clk 01:31:08]} {[%emt 00:00:16]} Nbd7
{[%clk 01:28:25]} {[%emt 00:00:14]} 5. b3 {[%clk 01:30:53]} {[%emt 00:00:45]}
c6 {[%clk 01:28:33]} {[%emt 00:00:21]} 6. Bb2 {[%clk 01:30:50]} {[%emt
00:00:33]} Bd6 {[%clk 01:28:15]} {[%emt 00:00:48]} 7. O-O {[%clk 01:30:35]}
{[%emt 00:00:46]} O-O {[%clk 01:28:32]} {[%emt 00:00:12]} 8. d4 {[%clk
01:30:39]} {[%emt 00:00:26]} Re8 {[%clk 01:28:40]} {[%emt 00:00:22]} 9. e3
{[%clk 01:30:16]} {[%emt 00:00:54]} e5 {[%clk 01:26:52]} {[%emt 00:02:18]} 10.
dxe5 {[%clk 01:23:48]} {[%emt 00:06:57]} Nxe5 {[%clk 01:27:09]} {[%emt
00:00:13]} 11. Nxe5 {[%clk 01:20:37]} {[%emt 00:03:42]} Bxe5 {[%clk 01:27:31]}
{[%emt 00:00:08]} 12. Bxe5 {[%clk 01:20:11]} {[%emt 00:00:56]} Rxe5 {[%clk
01:27:52]} {[%emt 00:00:09]} 13. cxd5 {[%clk 01:17:54]} {[%emt 00:02:47]} cxd5
{[%clk 01:27:22]} {[%emt 00:01:00]} 14. Nc3 {[%clk 01:14:24]} {[%emt 00:04:00]}
Bf5 {[%clk 01:18:05]} {[%emt 00:09:47]} 15. Qd4 {[%clk 01:11:46]} {[%emt
00:03:07]} Qe7 {[%clk 01:11:15]} {[%emt 00:07:20]} 16. Rfd1 {[%clk 01:07:44]}
{[%emt 00:04:32]} Be4 {[%clk 01:06:05]} {[%emt 00:05:39]} 17. Rac1 {[%clk
00:56:58]} {[%emt 00:11:17]} a6 {[%clk 01:01:39]} {[%emt 00:04:57]} 18. Nxe4
{[%clk 00:50:46]} {[%emt 00:06:41]} dxe4 {[%clk 00:59:48]} {[%emt 00:02:21]}
19. Qd6 {[%clk 00:45:47]} {[%emt 00:05:28]} Re6 {[%clk 00:57:02]} {[%emt
00:03:17]} 20. Qxe7 {[%clk 00:43:31]} {[%emt 00:02:46]} Rxe7 {[%clk 00:54:08]}
{[%emt 00:03:24]} 21. Rd4 {[%clk 00:40:42]} {[%emt 00:03:19]} h6 {[%clk
00:53:25]} {[%emt 00:01:13]} 22. Rcc4 {[%clk 00:37:22]} {[%emt 00:03:50]} Rae8
{[%clk 00:52:47]} {[%emt 00:01:08]} 23. Kf1 {[%clk 00:32:52]} {[%emt 00:05:00]}
Kh7 {[%clk 00:50:02]} {[%emt 00:03:15]} 24. Ke2 {[%clk 00:31:17]} {[%emt
00:02:05]} Kg8 {[%clk 00:49:57]} {[%emt 00:00:35]} 25. Rd6 {[%clk 00:29:05]}
{[%emt 00:02:42]} Kh7 {[%clk 00:46:29]} {[%emt 00:03:58]} 26. Rd1 {[%clk
00:23:43]} {[%emt 00:05:51]} Kg6 {[%clk 00:42:02]} {[%emt 00:04:56]} 27. Rdc1
{[%clk 00:21:32]} {[%emt 00:02:41]} Rd8 {[%clk 00:39:59]} {[%emt 00:02:34]} 28.
Rc7 {[%clk 00:19:57]} {[%emt 00:05:50]} Rdd7 {[%clk 00:38:52]} {[%emt
00:00:05]} 29. Rxd7 {[%clk 00:19:38]} {[%emt 00:00:06]} Rxd7 {[%clk 00:38:41]}
{[%emt 00:00:05]} 30. Rc4 {[%clk 00:18:38]} {[%emt 00:00:35]} Re7 {[%clk
00:38:44]} {[%emt 00:00:28]} 31. f3 {[%clk 00:12:38]} {[%emt 00:06:30]} exf3+
{[%clk 00:38:29]} {[%emt 00:00:44]} 32. Bxf3 {[%clk 00:13:00]} {[%emt
00:00:09]} Rd7 {[%clk 00:35:41]} {[%emt 00:03:19]} 33. Rb4 {[%clk 00:12:28]}
{[%emt 00:01:00]} Rc7 {[%clk 00:32:58]} {[%emt 00:03:14]} 34. Rc4 {[%clk
00:11:16]} {[%emt 00:01:42]} 1/2-1/2

[Event "DEM U14w 2024"]
[Site "Willingen GER"]
[Date "2024.05.22"]
[Round "6"]
[White "Chandrasekher, Ritu"]
[Black "Czäczine, Paula"]
[Result "1-0"]
[Termination "normal"]
[Board "5"]
[WhiteElo "1633"]
[BlackElo "1808"]
[WhiteClock "00:37:20"]
[BlackClock "00:13:58"]
[PlyCount "52"]
[WhiteFideId "34609024"]
[BlackFideId "16249305"]
[EventCountry "GER"]
[EventRounds "9"]
[EventType "swiss"]
[EventDate "2024.05.18"]

1. e4 {[%clk 01:30:56]} {[%emt 00:00:04]} e5 {[%clk 01:30:56]} {[%emt
00:00:05]} 2. Nf3 {[%clk 01:31:18]} {[%emt 00:00:08]} Nc6 {[%clk 01:31:21]}
{[%emt 00:00:04]} 3. d4 {[%clk 01:31:36]} {[%emt 00:00:12]} exd4 {[%clk
01:31:47]} {[%emt 00:00:05]} 4. Bc4 {[%clk 01:31:50]} {[%emt 00:00:15]} Nf6
{[%clk 01:32:08]} {[%emt 00:00:09]} 5. e5 {[%clk 01:32:10]} {[%emt 00:00:10]}
d5 {[%clk 01:32:26]} {[%emt 00:00:12]} 6. Bb5 {[%clk 01:32:23]} {[%emt
00:00:17]} Ne4 {[%clk 01:32:48]} {[%emt 00:00:09]} 7. Nxd4 {[%clk 01:32:35]}
{[%emt 00:00:17]} Bd7 {[%clk 01:33:10]} {[%emt 00:00:08]} 8. Bxc6 {[%clk
01:32:34]} {[%emt 00:00:30]} bxc6 {[%clk 01:33:34]} {[%emt 00:00:07]} 9. O-O
{[%clk 01:32:56]} {[%emt 00:00:08]} Bc5 {[%clk 01:33:43]} {[%emt 00:00:22]} 10.
f3 {[%clk 01:32:56]} {[%emt 00:00:29]} Ng5 {[%clk 01:34:02]} {[%emt 00:00:11]}
11. f4 {[%clk 01:33:00]} {[%emt 00:00:26]} Ne4 {[%clk 01:34:22]} {[%emt
00:00:10]} 12. Be3 {[%clk 01:32:50]} {[%emt 00:00:40]} Qb8 {[%clk 01:34:37]}
{[%emt 00:00:16]} 13. Nd2 {[%clk 01:28:28]} {[%emt 00:04:50]} Qxb2 {[%clk
01:32:51]} {[%emt 00:02:17]} 14. Nxe4 {[%clk 01:27:31]} {[%emt 00:01:28]} dxe4
{[%clk 01:32:55]} {[%emt 00:00:25]} 15. f5 {[%clk 01:25:14]} {[%emt 00:02:47]}
O-O {[%clk 01:28:10]} {[%emt 00:05:15]} 16. Qd2 {[%clk 01:19:47]} {[%emt
00:05:57]} Qa3 {[%clk 01:20:36]} {[%emt 00:08:04]} 17. Nb3 {[%clk 01:15:10]}
{[%emt 00:05:06]} Bxe3+ {[%clk 01:19:23]} {[%emt 00:01:44]} 18. Qxe3 {[%clk
01:15:21]} {[%emt 00:00:19]} c5 {[%clk 01:03:46]} {[%emt 00:16:08]} 19. Qxe4
{[%clk 01:07:24]} {[%emt 00:08:26]} Bb5 {[%clk 00:51:26]} {[%emt 00:12:51]} 20.
Rf3 {[%clk 00:58:52]} {[%emt 00:09:01]} Qb4 {[%clk 00:43:23]} {[%emt 00:08:34]}
21. Qe3 {[%clk 00:52:29]} {[%emt 00:06:51]} c4 {[%clk 00:39:08]} {[%emt
00:04:46]} 22. Nd4 {[%clk 00:48:08]} {[%emt 00:04:51]} Qb2 {[%clk 00:34:03]}
{[%emt 00:05:35]} 23. Re1 {[%clk 00:45:23]} {[%emt 00:03:14]} Rae8 {[%clk
00:28:43]} {[%emt 00:05:51]} 24. f6 {[%clk 00:41:35]} {[%emt 00:04:17]} Rd8
{[%clk 00:19:48]} {[%emt 00:09:25]} 25. Nf5 {[%clk 00:37:47]} {[%emt 00:08:42]}
Rfe8 {[%clk 00:15:22]} {[%emt 00:00:33]} 26. Qg5 {[%clk 00:37:20]} {[%emt
00:00:55]} g6 {[%clk 00:13:58]} {[%emt 00:01:55]} 1-0

[Event "DEM U14w 2024"]
[Site "Willingen GER"]
[Date "2024.05.22"]
[Round "6"]
[White "Neumeier, Valentina"]
[Black "Dodul, Alice"]
[Result "1/2-1/2"]
[Termination "normal"]
[Board "6"]
[WhiteElo "1805"]
[BlackElo "1656"]
[WhiteClock "00:07:04"]
[BlackClock "00:27:17"]
[PlyCount "68"]
[WhiteFideId "34608222"]
[BlackFideId "34623817"]
[EventCountry "GER"]
[EventRounds "9"]
[EventType "swiss"]
[EventDate "2024.05.18"]

1. e4 {[%clk 01:30:59]} e5 {[%clk 01:30:57]} {[%emt 00:00:04]} 2. Nf3 {[%clk
01:31:23]} {[%emt 00:00:05]} Nc6 {[%clk 01:31:25]} {[%emt 00:00:02]} 3. Bc4
{[%clk 01:31:46]} {[%emt 00:00:07]} Nf6 {[%clk 01:31:50]} {[%emt 00:00:05]} 4.
d3 {[%clk 01:32:09]} {[%emt 00:00:07]} h6 {[%clk 01:32:15]} {[%emt 00:00:05]}
5. h3 {[%clk 01:32:08]} {[%emt 00:00:31]} d6 {[%clk 01:32:31]} {[%emt
00:00:14]} 6. c3 {[%clk 01:29:48]} {[%emt 00:02:50]} g6 {[%clk 01:32:40]}
{[%emt 00:00:21]} 7. Be3 {[%clk 01:28:51]} {[%emt 00:01:27]} Bg7 {[%clk
01:33:00]} {[%emt 00:00:10]} 8. Nbd2 {[%clk 01:21:48]} {[%emt 00:07:34]} O-O
{[%clk 01:31:55]} {[%emt 00:01:35]} 9. O-O {[%clk 01:19:41]} {[%emt 00:02:36]}
Bd7 {[%clk 01:31:53]} {[%emt 00:00:32]} 10. Bb3 {[%clk 01:19:09]} {[%emt
00:01:02]} Kh7 {[%clk 01:30:46]} {[%emt 00:01:36]} 11. d4 {[%clk 01:16:59]}
{[%emt 00:02:42]} Qe8 {[%clk 01:24:09]} {[%emt 00:07:06]} 12. Bc2 {[%clk
01:06:19]} {[%emt 00:11:11]} Nh5 {[%clk 01:21:41]} {[%emt 00:02:57]} 13. Re1
{[%clk 00:58:41]} {[%emt 00:08:08]} Kh8 {[%clk 01:12:30]} {[%emt 00:09:41]} 14.
Nf1 {[%clk 00:43:13]} {[%emt 00:15:58]} f5 {[%clk 01:07:29]} {[%emt 00:05:31]}
15. exf5 {[%clk 00:39:50]} {[%emt 00:03:54]} gxf5 {[%clk 01:06:10]} {[%emt
00:01:48]} 16. dxe5 {[%clk 00:38:47]} {[%emt 00:01:33]} Nxe5 {[%clk 01:03:45]}
{[%emt 00:02:55]} 17. Nxe5 {[%clk 00:38:12]} {[%emt 00:01:05]} dxe5 {[%clk
01:03:11]} {[%emt 00:01:04]} 18. Nh2 {[%clk 00:32:53]} {[%emt 00:05:49]} Bc6
{[%clk 00:58:15]} {[%emt 00:05:26]} 19. Nf3 {[%clk 00:24:48]} {[%emt 00:08:35]}
e4 {[%clk 00:56:29]} {[%emt 00:02:16]} 20. Bd4 {[%clk 00:22:23]} {[%emt
00:02:55]} Rd8 {[%clk 00:53:45]} {[%emt 00:03:14]} 21. Qc1 {[%clk 00:20:28]}
{[%emt 00:02:25]} Qg6 {[%clk 00:46:14]} {[%emt 00:08:01]} 22. Bxg7+ {[%clk
00:18:25]} {[%emt 00:02:33]} Qxg7 {[%clk 00:44:13]} {[%emt 00:02:31]} 23. Nd4
{[%clk 00:17:43]} {[%emt 00:01:12]} Rg8 {[%clk 00:42:47]} {[%emt 00:01:56]} 24.
g4 {[%clk 00:16:10]} {[%emt 00:02:02]} fxg4 {[%clk 00:39:51]} {[%emt 00:06:47]}
25. Nf5 {[%clk 00:15:22]} {[%emt 00:00:05]} Qg6 {[%clk 00:37:53]} {[%emt
00:00:20]} 26. Qxh6+ {[%clk 00:15:42]} {[%emt 00:00:10]} Qxh6 {[%clk 00:38:17]}
{[%emt 00:00:06]} 27. Nxh6 {[%clk 00:16:07]} {[%emt 00:00:05]} Rgf8 {[%clk
00:37:29]} {[%emt 00:01:19]} 28. hxg4 {[%clk 00:14:15]} {[%emt 00:02:22]} Rd2
{[%clk 00:34:52]} {[%emt 00:03:07]} 29. Bxe4 {[%clk 00:11:07]} {[%emt
00:03:38]} Bxe4 {[%clk 00:30:26]} {[%emt 00:04:56]} 30. Rxe4 {[%clk 00:11:29]}
{[%emt 00:00:08]} Rfxf2 {[%clk 00:29:33]} {[%emt 00:01:22]} 31. gxh5 {[%clk
00:08:37]} {[%emt 00:03:22]} Rg2+ {[%clk 00:29:53]} {[%emt 00:00:10]} 32. Kf1
{[%clk 00:08:57]} {[%emt 00:00:10]} Rdf2+ {[%clk 00:30:08]} {[%emt 00:00:15]}
33. Ke1 {[%clk 00:09:07]} {[%emt 00:00:21]} Rxb2 {[%clk 00:30:13]} {[%emt
00:00:25]} 34. Rf4 {[%clk 00:07:04]} {[%emt 00:02:33]} Rg1+ {[%clk 00:27:17]}
{[%emt 00:03:25]} 1/2-1/2